| 000 | 01821cam a2200361 i 4500 | ||
|---|---|---|---|
| 001 | 18552847 | ||
| 003 | OSt | ||
| 005 | 20260525154315.0 | ||
| 008 | 150402s2015 ilu b 000 0 eng | ||
| 010 | _a 2015013534 | ||
| 020 |
_a9780830844289 _qpbk. : alk. paper |
||
| 035 | _a18552847 | ||
| 040 |
_aDLC _beng _cDLC _erda _dDLC |
||
| 042 | _apcc | ||
| 050 | 0 | 0 |
_aBV4597.53.L43 _bS65 2015 |
| 082 | 0 | 0 |
_a248.8/9 _223 |
| 100 | 1 |
_aSmith, Stephen W., _d1954- |
|
| 245 | 1 | 0 |
_aInside job : _bdoing the work within the work / _cStephen W. Smith. |
| 264 | 1 |
_aDowners Grove, Illinois : _bInterVarsity Press, _c[2015] |
|
| 300 |
_a203 pages ; _c21 cm |
||
| 336 |
_atext _btxt _2rdacontent |
||
| 337 |
_aunmediated _bn _2rdamedia |
||
| 338 |
_avolume _bnc _2rdacarrier |
||
| 504 | _aIncludes bibliographical references. | ||
| 505 | 0 | _aThe crisis in the leader's soul -- Life is more than chasing success -- Signs of the times -- Comparing the inner and outer markers of success -- Doing the work within the work -- Mapping the journey -- The great eight virtues, part one: faith, goodness, knowledge, and self-control -- The great eight virtues, part two: perseverance, godliness, kindness, and love -- The leader's rhythm: exposing the lie of being balanced -- The leader's limits: saying no in order to live yes -- The leader's transitions: understanding change -- Leading to live -- Living and leading a resilient life -- Leading with contentment and satisfaction. | |
| 650 | 0 |
_aLeadership _xReligious aspects _xChristianity. |
|
| 650 | 0 | _aCharacter. | |
| 650 | 0 |
_aSpiritual life _xChristianity. |
|
| 650 | 0 | _aFruit of the Spirit. | |
| 906 |
_a7 _bcbc _corignew _d1 _eecip _f20 _gy-gencatlg |
||
| 942 |
_2lcc _cBK |
||
| 999 |
_c21642 _d21641 |
||